| 000 | 00805nam a22002657a 4500 | ||
|---|---|---|---|
| 003 | CHAP | ||
| 005 | 20220329140733.0 | ||
| 008 | 971013s r 00010 d | ||
| 010 | _a56797 | ||
| 011 | _a57769 | ||
| 035 | _a61924 | ||
| 040 | _cCHAP | ||
| 090 | _aR-1479 | ||
| 100 | 0 | 0 |
_aSchubert, Bernice G. _9103197 |
| 245 | _aStudies in Dioscorea. II. An unusual new species from Mexico | ||
| 500 | _aSobretiro de : Proc. Biol. Soc. Wash. 84(52):445-448, 1971 | ||
| 590 |
_aBATCH-UPD _b10 _c20130110 _lUCH01 _h0230 |
||
| 590 |
_aBATCH-UPD _b10 _c20130409 _lUCH01 _h2253 |
||
| 590 |
_aBATCH-UPD _b10 _c20130914 _lUCH01 _h1204 |
||
| 590 |
_aCONVERSION _b10 _c20130109 _lUCH01 _h1331 |
||
| 650 | 1 | 4 |
_aDioscóreas. _932657 |
| 901 | _aBK | ||
| 942 | _cREIMP | ||
| 949 |
_aR-1479 _bBC _cR _d-132868 _eTS1 _i61924 _si |
||
| 999 |
_c56797 _d56797 |
||